Complete the Card - WWE Wrestlemania Backlash 2022 - Statistics

General Stats
  • This quiz has been taken 171 times
  • The average score is 13 of 16
Answer Stats
Hint Answer % Correct
Six-Man Tag Team Match Jey Uso
98%
Six-Man Tag Team Match Jimmy Uso
98%
Six-Man Tag Team Match Roman Reigns
98%
WWE SmackDown Women's Championship "I Quit" Match Ronda Rousey
95%
WWE SmackDown Women's Championship "I Quit" Match Charlotte Flair
93%
Six-Man Tag Team Match Randy Orton
92%
Six-Man Tag Team Match Riddle
89%
Singles Match Seth Rollins
89%
Singles Match Cody Rhodes
88%
Six-Man Tag Team Match Drew McIntyre
87%
Singles Mаtch Edge
84%
Singles Mаtch AJ Styles
83%
Singlеs Match Bobby Lashley
72%
Singlеs Match Omos
70%
Singles Matсh Happy Corbin
52%
Singles Matсh Madcap Moss
50%
No matching quizzes found
Score Distribution
Percent of People with Each Score
Percentile by Number Answered
Your Score History
You have not taken this quiz